000 00701nam a2200181Ia 4500
008 100921s9999 xx 000 0 und d
082 _b32695
_a891.463 न 00
100 _aचेस जेम्स हॅडली ,अनु.गुजर अनिल.
245 _aअवलक्षणी बेत.
260 _bस्वप्न प्रकाशन, पुणे.
_c2000
300 _a174
_bशांती पब्लिकेशन,पुणे
365 _b110
520 _aललित-कादंबरी.
630 _aअवलक्षणी बेत.
650 _aललित-कादंबरी.
730 _aअवलक्षणी बेत.
942 _cBOOK
999 _c781808
_d781805